| 000 | 00863nam a2200277 a 4500 | ||
|---|---|---|---|
| 001 | 000110488 | ||
| 003 | CHAP | ||
| 005 | 20220329144135.0 | ||
| 008 | 140903s2012 mx |r| ||||||spa d | ||
| 010 | _a106950 | ||
| 011 | _a107922 | ||
| 020 | _a9786074015997 | ||
| 040 | _cCHAP | ||
| 082 | 0 | 4 |
_a325.203 _bM93 |
| 100 | 1 |
_aMárquez Covarrubias, Humberto _9128265 |
|
| 245 | 1 | 0 |
_aDiccionario crítico de migración y desarrollo : _bpor Humberto Márquez Covarrubias. |
| 260 |
_aMéxico : _bUniversidad Autonóma de Zacatecas _bMiguel Angel Porrúa, _c2012. |
||
| 300 | _a361 p. | ||
| 490 | 1 | _aColección desarrollo y migración | |
| 590 |
_aE5995AHE _b05 _c20140903 _lUCH01 _h1435 |
||
| 650 | 1 | 4 |
_aEmigración e inmigración _vDiccionarios. _9128267 |
| 830 | 0 |
_aColección desarrollo y migración _9128266 |
|
| 901 | _aBK | ||
| 942 | _cLIBRO | ||
| 942 | _n0 | ||
| 999 |
_c106950 _d106950 |
||